Fundamental aspects of women empowerment / (Record no. 88285)

MARC details
000 -LEADER
fixed length control field 00561nam a22001937a 4500
005 - DATE AND TIME OF LATEST TRANSACTION
control field 20140908151116.0
010 ## - LCCN (DPL NO)
LC control number ENG-110734
020 ## - INTERNATIONAL STANDARD BOOK NUMBER
International Standard Book Number 9789380184746
Terms of availability 800.00
035 ## - SYSTEM CONTROL NUMBER
System control number EN-94266
037 ## - SOURCE OF ACQUISITION
Source of stock number/acquisition DBAD/PUB
082 ## - DEWEY DECIMAL CLASSIFICATION NUMBER
Classification number 305.420954
100 ## - MAIN ENTRY--PERSONAL NAME
Personal name Tyagi, S.B.
245 ## - TITLE STATEMENT
Title Fundamental aspects of women empowerment /
Statement of responsibility, etc by S.B. Tyagi
260 ## - PUBLICATION, DISTRIBUTION, ETC. (IMPRINT)
Place of publication, distribution, etc New Delhi
Name of publisher, distributor, etc ALP Books
Date of publication, distribution, etc 2011
270 ## - ADDRESS
Address 7/33, Ansari Road, Daryaganj
City New Delhi
Postal code 110002
300 ## - PHYSICAL DESCRIPTION
Extent 271p.
Dimensions 22cm(Hb)
500 ## - GENERAL NOTE
General note Includes index
942 ## - ADDED ENTRY ELEMENTS (KOHA)
Source of classification or shelving scheme Dewey Decimal Classification
Item type English Books
Classification part 305.420954
Call number suffix TYA
Holdings
Withdrawn status Lost status Not for loan Collection code Home library Current library Date acquired Source of acquisition Cost, normal purchase price Full call number Barcode Copy number Cost, replacement price Koha item type
    Not For Loan Non-fiction D.B.Act.Division D.B.Act.Division 04/09/2014 DBAD / PUB 800.00 305.420954 TYA EN-94266 1 800.00 English Books

© Delhi Public Library
Hit Counter
free hit counter